| 000 | 00718nam a2200217 i 4500 | ||
|---|---|---|---|
| 001 | 40081 | ||
| 003 | ES-MaACL | ||
| 005 | 20230906160135.0 | ||
| 007 | t| | ||
| 008 | 030305s1986 sp ||||1| spa d | ||
| 020 | _a84-7491-194-X | ||
| 100 | 1 |
_aCanut, Maria Luisa. _934704 |
|
| 245 | 1 | 0 |
_aSistema de informatización de una biblioteca (SINBIB) / _cMaría Luisa Canut y José Luis Amorós. |
| 260 |
_aMadrid : _bUniversidad Complutense, _c1986. |
||
| 300 |
_aVI, 224 p. ; _c24 cm. |
||
| 504 | _aBibliografía. Indice. | ||
| 650 | 4 |
_aBibliotecas- _xProceso de datos. _9167998 |
|
| 700 | 1 |
_aAmorós, José Luis. _921315 |
|
| 710 | 2 |
_aUniversidad Complutense de Madrid. _97098 |
|
| 852 |
_aES-MaACL _jG-1177 _bR.114011 |
||
| 999 |
_c40081 _d40081 |
||